| 000 | 00408nam a22001097a 4500 | ||
|---|---|---|---|
| 008 | 230726b |||||||| |||| 00| 0 eng d | ||
| 040 |
_aNational Science Library _cNational Science Library |
||
| 245 |
_aNational science foundation grants and awards: _bGrants and awards for the fiscal year ended June 30, 1970 |
||
| 260 |
_aWashington: _bUS Government Department, _c1970 |
||
| 300 | _a167p. | ||
| 942 |
_2udc _cREF |
||
| 999 |
_c55321 _d55321 |
||